Verkehrsschutz im internationalen Vertragsrecht

Saved in:
Bibliografiske detaljer
Hovedforfatter: Fischer, Gerfried (Author)
Format: Bog
Sprog:tysk
Udgivet: Berlín Carl Heymanns 1990
Fag:
Tags: Tilføj Tag
Ingen Tags, Vær først til at tagge denne postø!

MARC

LEADER 00000nam a2200000 a 4500
001 UCY5126
003 CL-VaPUC
008 950412e19900000GW |||||||||||||||||ger|d
082 0 4 |a 346.022  |b FIS  |2 21 
100 0 |a Fischer, Gerfried  |e author  |9 333750 
245 1 0 |a Verkehrsschutz im internationalen Vertragsrecht 
300 |a 391 p 
942 |c BK 
945 |d 19950412 00:00:00  |a aalvarez 
260 |a Berlín  |b Carl Heymanns  |c 1990 
650 0 |a Contratos  |9 255153 
650 0 |a Derecho internacional  |9 255637 
583 |a last modification  |c 19950412 00:00:00  |k Rodrigo Vera 
999 |c 232843  |d 232841 
952 |0 0  |1 0  |4 0  |6 346_022000000000000_FIS_1990  |7 0  |8 A  |9 237762  |a BIBDER  |b BIBDER  |d 2019-11-18  |i 3075699  |o 346.022 FIS 1990  |p 3075699  |r 2023-01-25  |w 2019-11-18  |y BK  |k DER